000 00834nam0a22002531 4500
001 rc\628304
005 20250621190824.0
035 _a(NLR Aleph) 005870580
090 _a5974495
_c5974495
100 _a20031121d1986 |||y0rusy50 ca
101 0 _arus
102 _aRU
105 _aa |||||||||
200 1 _aКОНТРОЛЬ температуры поверхности мишеней
_fВ.Н. Миронов, Н.Н. Краснов, Н.А. Коняхин и др.
210 _aОбнинск
_cФЭИ
_d1986
215 _a[1], 15 с.
_cил.
_d21
225 1 _aФизико-энергетический институт
_vФЭИ-1803
320 _aБиблиогр.: с. 15
701 1 _aМиронов
_bВ.Н.
801 0 _aRU
_bNLR
_gpsbo
801 1 _aRU
_bELAR
_2rusmarc
852 _aNLR
_j87-4/21458
942 _cBOOK
980 _aNB